[Event "BL2 Ost 0809 (Women)"]
[Site "Germany"]
[Date "2009.01.04"]
[Round "5.6"]
[White "Hingst, Silke"]
[Black "Sommer, Ute"]
[Result "1-0"]
[WhiteElo "1842"]
[BlackElo "1596"]
[PlyCount "67"]
[EventDate "2008.11.08"]
[EventType "team-tourn"]
[EventRounds "7"]
[EventCountry "GER"]
[SourceTitle "EXT 2010"]
[Source "ChessBase"]
[SourceDate "2010.11.25"]
[SourceVersion "1"]
[SourceVersionDate "2010.11.25"]
[SourceQuality "1"]
[WhiteTeam "Torgelow (W)"]
[BlackTeam "Potsdam (W)"]
[WhiteTeamCountry "GER"]
[BlackTeamCountry "GER"]

1. e4 c5 2. c3 e6 3. d4 cxd4 4. cxd4 Bb4+ 5. Bd2 Bxd2+ 6. Qxd2 d6 7. Nc3 a6 8. Nf3 Nc6 9. Rc1 Nf6 10. Bd3 0-0 11. 0-0 Qb6 12. e5 dxe5 13. dxe5 Ng4 14. Rfe1 Rd8 15. Na4 Qb4 16. Qc2 Rxd3 17. Qxd3 Qxa4 18. Rxc6 Bd7 19. Rc4 Nxf2 20. Kxf2 Qxa2 21. Rc2 Bb5 22. Qa3 Qd5 23. Qd6 Qb3 24. Rd2 h6 25. Nd4 Qc4 26. Red1 Ba4 27. Rf1 Bb5 28. Nxb5 Qxb5 29. Kg1 Rf8 30. Qc7 Qb3 31. Rdf2 f5 32. exf6 gxf6 33. Qg3+ Kh7 34. Qxb3 1-0